| 000 | 01371nam0a2200361 4500 | ||
|---|---|---|---|
| 001 | RU\NLR\bibl\1104119 | ||
| 005 | 20250615055945.0 | ||
| 010 |
_a978-5-7755-1201-9 _91000 |
||
| 021 |
_aRU _b2007-34740 _91847 |
||
| 035 | _a(nilc)RSL-KNO-003124308 | ||
| 035 | _a(NLR Aleph) 001091196 | ||
| 090 |
_a1119427 _c1119427 |
||
| 100 | _a20070531d2007 |||y0rusy50 ca | ||
| 101 | 0 | _arus | |
| 102 | _aRU | ||
| 105 | _aa zzzz||||| | ||
| 200 | 1 |
_aМир логики _eметодическое пособие для учителя начальной школы _fСветлана Гин |
|
| 205 | _a3-е изд. | ||
| 210 |
_aМосква _cВита-Пресс _d2007 |
||
| 215 |
_a142, [1] с. _d21 |
||
| 225 | 1 | _aУчителю начальной школы | |
| 225 | 1 | _aПроект Лаборатории образовательных технологий "Универсальный решатель" | |
| 320 | _aБиблиогр.: с. 136-141 (104 назв.) | ||
| 606 | 0 |
_aЛогика _xПреподавание _xНачальная школа _92170798 _3RU\NLR\auth\661305850 |
|
| 686 | _aЧ426.62-2,01 | ||
| 700 | 1 |
_aГин _bС. И. _gСветлана Ивановна _4070 |
|
| 801 | 0 |
_aRU _bРКП _c20070531 |
|
| 801 | 1 |
_aRU _bРГБ _c20070531 |
|
| 801 | 2 |
_aRU _bNLR _c20070702 _grcr |
|
| 830 | _aпо кн | ||
| 942 | _cBOOK | ||
| 980 | _aNB | ||